The life of the Rt. Hon. Cecil John Rhodes, 1853-1902 / (Record no. 124114)
[ view plain ]
| 000 -LEADER | |
|---|---|
| fixed length control field | 00728cam a2200253 a 4500 |
| 001 - CONTROL NUMBER | |
| control field | 2684693 |
| 003 - CONTROL NUMBER IDENTIFIER | |
| control field | ARRUPE |
| 005 - DATE AND TIME OF LATEST TRANSACTION | |
| control field | 20160209115638.0 |
| 008 - FIXED-LENGTH DATA ELEMENTS--GENERAL INFORMATION | |
| fixed length control field | 730321s1910 enkacf 001 0beng u |
| 010 ## - LIBRARY OF CONGRESS CONTROL NUMBER | |
| LC control number | 10029716 |
| 035 ## - SYSTEM CONTROL NUMBER | |
| System control number | (OCoLC)ocm00585782 |
| 035 ## - SYSTEM CONTROL NUMBER | |
| System control number | (NNC)2684693 |
| 040 ## - CATALOGING SOURCE | |
| Transcribing agency | WSU |
| Modifying agency | BOS |
| -- | OCL |
| -- | ZCU |
| 043 ## - GEOGRAPHIC AREA CODE | |
| Geographic area code | fs----- |
| 099 ## - LOCAL FREE-TEXT CALL NUMBER (OCLC) | |
| Classification number | 968.09 |
| -- | R348 |
| 300 ## - PHYSICAL DESCRIPTION | |
| Other physical details | ill., ports. ; |
| Dimensions | 23 cm. |
| 100 1# - MAIN ENTRY--PERSONAL NAME | |
| Personal name | Michell, Lewis, |
| Dates associated with a name | 1842-1928. |
| 9 (RLIN) | 22112 |
| 245 14 - TITLE STATEMENT | |
| Title | The life of the Rt. Hon. Cecil John Rhodes, 1853-1902 / |
| Statement of responsibility, etc | by Sir Lewis Michell. |
| 260 ## - PUBLICATION, DISTRIBUTION, ETC. (IMPRINT) | |
| Place of publication, distribution, etc | London : |
| Name of publisher, distributor, etc | E. Arnold, |
| Date of publication, distribution, etc | 1910. |
| 300 ## - PHYSICAL DESCRIPTION | |
| Extent | 2 v. : |
| 500 ## - GENERAL NOTE | |
| General note | Includes index. |
| 600 10 - SUBJECT ADDED ENTRY--PERSONAL NAME | |
| Personal name | Rhodes, Cecil John |
| Dates associated with a name | 1853-1902. |
| 9 (RLIN) | 22113 |
| 942 ## - ADDED ENTRY ELEMENTS (KOHA) | |
| Source of classification or shelving scheme | Library of Congress Classification |
| Koha item type | SPC |
| Withdrawn status | Lost status | Source of classification or shelving scheme | Damaged status | Not for loan | Collection code | Home library | Current library | Shelving location | Date acquired | Total Checkouts | Full call number | Barcode | Date last seen | Price effective from | Koha item type |
|---|---|---|---|---|---|---|---|---|---|---|---|---|---|---|---|
| Library of Congress Classification | SPECIAL Collection | ARRUPE LIBRARY | ARRUPE LIBRARY | Reference | 09/02/2016 | SPC DT776.R4 M6 | 46500006189 | 09/02/2016 | 09/02/2016 | SPC | |||||
| Library of Congress Classification | SPECIAL Collection | ARRUPE LIBRARY | ARRUPE LIBRARY | Reference | 09/02/2016 | SPC DT776.R4 M6 | 46500006191 | 09/02/2016 | 09/02/2016 | SPC |